Mafalda 6 /
Guardado en:
| Autor Principal: | |
|---|---|
| Otros Autores: | |
| Formato: | Libro |
| Publicado: |
Buenos Aires :
De La Flor,
2014
|
| Series: | Tiras de Quino
|
| Materias: | |
| Etiquetas: |
Agregar Etiqueta
Sin Etiquetas, Sea el primero en etiquetar este registro!
|
| LEADER | 00651nam a22002295a 4500 | ||
|---|---|---|---|
| 001 | CEM.cems018405 | ||
| 005 | 20150422120229.0 | ||
| 008 | 130507s2014##################000#0#####d | ||
| 003 | CEMS | ||
| 020 | |a 9789505159468 | ||
| 082 | 0 | 4 | |a A867.4 |
| 100 | 1 | |a Quino (seudónimo) | |
| 245 | 1 | 0 | |a Mafalda 6 / |c Joaquín Salvador Lavado |
| 260 | |a Buenos Aires : |b De La Flor, |c 2014 | ||
| 300 | |a 128 p. | ||
| 490 | 0 | |a Tiras de Quino | |
| 653 | |a Literatura | ||
| 653 | |a Literatura argentina | ||
| 653 | |a Historietas | ||
| 653 | |a Historieta argentina | ||
| 700 | 1 | |a Lavado, Joaquín Salvador | |
| 859 | |a CEMS |b BIB. CEMS - Agricultura |h A867.4 |i Q451 |p A2310.15 |t Ej.1 |v 6 |3 6 | ||
